| 000 -LEADER |
| fixed length control field |
00399cam a22001457a 4500 |
| 008 - FIXED-LENGTH DATA ELEMENTS--GENERAL INFORMATION |
| fixed length control field |
180718b1965 xxu||||| |||| 00| 0 eng d |
| 082 ## - DEWEY DECIMAL CLASSIFICATION NUMBER |
| Classification number |
A6x5431 C378 |
| 100 ## - MAIN ENTRY--PERSONAL NAME |
| Personal name |
Chari, A.S.R. |
| 245 ## - TITLE STATEMENT |
| Title |
The Kashmir problem |
| Statement of responsibility, etc. |
by A.S.R. Chari |
| 260 ## - PUBLICATION, DISTRIBUTION, ETC. |
| Place of publication, distribution, etc. |
New Delhi |
| Name of publisher, distributor, etc. |
M. Kalimulla |
| Date of publication, distribution, etc. |
1965 |
| 300 ## - PHYSICAL DESCRIPTION |
| Extent |
71p. |
| 500 ## - GENERAL NOTE |
| General note |
Rs.1.25 |
| 650 ## - SUBJECT ADDED ENTRY--TOPICAL TERM |
| Topical term or geographic name entry element |
India - Foreign Relations - Pakistan |
| 650 ## - SUBJECT ADDED ENTRY--TOPICAL TERM |
| Topical term or geographic name entry element |
Kashmir - History |